| 000 | 00492nam a22001577a 4500 | ||
|---|---|---|---|
| 999 |
_c23656 _d23656 |
||
| 003 | NUST | ||
| 008 | 131227b xxu||||| |||| 00| 0 eng d | ||
| 020 |
_a0470021403 _cAvailable |
||
| 038 | _aNusrat Nadeem | ||
| 082 |
_a612.17 CHA _b002252 |
||
| 100 |
_gHB 297,p _aChadwick _921397 |
||
| 245 |
_aThe hERG Cardiac Potassium Channel: Structure,Function and Long QT Syndrome _cChadwick |
||
| 260 |
_aUK _bJohn Wiley & Sons _c2005 |
||
| 538 | _iBioinformatics Lab (Photocopy Book) | ||
| 942 |
_2ddc _cBK |
||